Acario: el músico mágico

Salvato in:
Dettagli Bibliografici
Autore principale: Hurtado, María Elena (Autore)
Natura: Libro
Lingua:spagnolo
Pubblicazione: Santiago Ril 2009
Edizione:1a. ed
Soggetti:
Tags: Aggiungi Tag
Nessun Tag, puoi essere il primo ad aggiungerne!!

MARC

LEADER 00000cam a2200000 a 4500
001 UCE1650
003 CL-VaPUC
008 140508e20091100cl |||||||||||||||||spa|d
020 |a 9789562847032 
082 0 4 |a 927.783  |b HUR  |2 21 
100 |a Hurtado, María Elena  |e author  |9 600020 
245 1 0 |a Acario: el músico mágico 
250 |a 1a. ed 
300 |a 302 p 
942 |c BK 
945 |d 20140508 16:03:00  |a dcastane 
260 |a Santiago  |b Ril  |c 2009 
600 0 7 |a COTAPOS, ACARIO  |2 CL-VaPUC  |9 574011 
650 0 |a Biografías  |9 255210 
650 0 |a Músicos chilenos  |9 306645 
650 0 |a Compositores chilenos  |9 306644 
583 |a last modification  |c 20140508 16:03:00  |k Rodrigo Vera 
999 |c 355389  |d 355387 
952 |0 0  |1 0  |3 erb  |4 0  |6 927_783000000000000_HUR_2009  |7 0  |8 A  |9 462097  |a BIBEDU  |b BIBEDU  |i 5076587  |o 927.783 HUR 2009  |p 5076587  |r 2023-01-12  |w 2019-11-23  |y BK  |z Catalogado en:20140508  |k MUS